<?xml version="1.0" encoding="UTF-8"?><?xml-stylesheet type="text/xsl" href="static/style.xsl"?><OAI-PMH xmlns="http://www.openarchives.org/OAI/2.0/" xmlns:xsi="http://www.w3.org/2001/XMLSchema-instance" xsi:schemaLocation="http://www.openarchives.org/OAI/2.0/ http://www.openarchives.org/OAI/2.0/OAI-PMH.xsd"><responseDate>2026-04-17T14:10:23Z</responseDate><request verb="GetRecord" identifier="oai:www.recercat.cat:20.500.12694/7440" metadataPrefix="marc">https://recercat.cat/oai/request</request><GetRecord><record><header><identifier>oai:recercat.cat:20.500.12694/7440</identifier><datestamp>2025-12-31T09:19:46Z</datestamp><setSpec>com_2072_179042</setSpec><setSpec>col_2072_484474</setSpec></header><metadata><record xmlns="http://www.loc.gov/MARC21/slim" xmlns:dcterms="http://purl.org/dc/terms/" xmlns:xsi="http://www.w3.org/2001/XMLSchema-instance" xmlns:doc="http://www.lyncode.com/xoai" xsi:schemaLocation="http://www.loc.gov/MARC21/slim http://www.loc.gov/standards/marcxml/schema/MARC21slim.xsd">
   <leader>00925njm 22002777a 4500</leader>
   <datafield ind2=" " ind1=" " tag="042">
      <subfield code="a">dc</subfield>
   </datafield>
   <datafield ind2=" " ind1=" " tag="720">
      <subfield code="a">Pons Tena, Maria Rosa</subfield>
      <subfield code="e">author</subfield>
   </datafield>
   <datafield ind2=" " ind1=" " tag="260">
      <subfield code="c">2020-06</subfield>
   </datafield>
   <datafield ind2=" " ind1=" " tag="520">
      <subfield code="a">Les il·lusions auditives són una propietat de la percepció creada a partir de processos complexos que avui en dia encara no s’entenen completament. Normalment, aquestes són estudiades des d’àmbits científics aliens a la música entesa com a art. Aquesta recerca ha tingut com a punt de partida fonamentar l’utilització de les il·lusions auditives com a tècniques compositives. S’ha partit d’una recerca bibliogràfica per descobrir els diferents exemples identificats fins ara i observar la realització d’aquestes dins les arts. S’ha creat una peça musical per respondre i justificar la hipòtesi plantejada. El treball ha derivat en noves hipòtesis, les quals donen peu a continuar la investigació.</subfield>
   </datafield>
   <datafield ind2=" " ind1=" " tag="520">
      <subfield code="a">Las ilusiones auditivas son una propiedad de la percepción creadas bajo procesos muy complejos que hoy en día todavía no se entienden completamente. Normalmente, estas son estudiadas desde ámbitos científicos ajenos a la música entendida como arte. Esta investigación ha tenido como punto de partida fundamentar la utilización de las ilusiones auditivas como técnicas compositivas. Se ha partido de una investigación bibliográfica para descubrir los diferentes ejemplos identificados hasta ahora y observar la realización de estas dentro de las artes. Se ha creado una pieza musical para responder y justificar la hipótesis planteada. El proyecto ha derivado en nuevas hipótesis, las cuales dan lugar a continuar la investigación.</subfield>
   </datafield>
   <datafield ind2=" " ind1=" " tag="520">
      <subfield code="a">Auditory illusions are a characteristic of perception arising from complex processes which are still not fully understood today. They are usually studied in scientific fields that are alien to seeing music as an art form. The present research project’s aim is to promote the use of auditory illusions as composing techniques. In order to do so, a bibliographic research has been conducted to first, discover the different examples known so far, and second, to observe their realization in the field of the arts. Furthermore, a musical piece has been created to both provide an answer to and justify the hypothesis. As a consequence, new hypotheses and questions have arisen, which lead to further research concerning this matter.</subfield>
   </datafield>
   <datafield ind1="8" ind2=" " tag="024">
      <subfield code="a">http://hdl.handle.net/20.500.12694/7440</subfield>
   </datafield>
   <datafield tag="653" ind2=" " ind1=" ">
      <subfield code="a">TFG Composició</subfield>
   </datafield>
   <datafield tag="653" ind2=" " ind1=" ">
      <subfield code="a">Percepció auditiva</subfield>
   </datafield>
   <datafield tag="653" ind2=" " ind1=" ">
      <subfield code="a">Al·lucinacions acústiques</subfield>
   </datafield>
   <datafield tag="653" ind2=" " ind1=" ">
      <subfield code="a">Composició musical</subfield>
   </datafield>
   <datafield tag="653" ind2=" " ind1=" ">
      <subfield code="a">Percepció de la música</subfield>
   </datafield>
   <datafield tag="653" ind2=" " ind1=" ">
      <subfield code="a">Música--Aspectes psicològics</subfield>
   </datafield>
   <datafield ind2="0" ind1="0" tag="245">
      <subfield code="a">Il·lusions auditives aplicades a la composició</subfield>
   </datafield>
</record></metadata></record></GetRecord></OAI-PMH>